| 000 | 01025cam a22003015a 4500 | ||
|---|---|---|---|
| 001 | 016030101 | ||
| 003 | OSt | ||
| 005 | 20170213132354.0 | ||
| 008 | 120208t2013 nyua frb 001 0 eng d | ||
| 020 | _a9780071318273 | ||
| 020 | _a0071318275 | ||
| 040 |
_aStDuBDS _beng _cStDuBDS _dUk _dEG-ScBUE |
||
| 082 | 0 | 4 |
_222 _a150.287 _bCOH |
| 100 | 1 | _aCohen, Ronald Jay, | |
| 245 | 1 | 0 |
_aPsychological testing and assessment : _ban introduction to tests and measurement / _cRonald Jay Cohen, Mark E. Swerdlik, Edward D. Sturman. |
| 250 | _a8th ed., McGraw-Hill international ed. | ||
| 260 |
_aNew York : _bMcGraw-Hill, _cc.2013. |
||
| 300 |
_a(Various pagings) : _bill. ; _c26 cm. |
||
| 504 | _aIncludes bibliographical references and index. | ||
| 650 | 0 |
_aPsychological tests. _2BUEsh |
|
| 650 | 7 |
_aPsychometrics. _2BUEsh _94480 |
|
| 651 | _2BUEsh | ||
| 653 |
_bGGEN _bHHUUPPSS _cFebruary2017 |
||
| 690 | 7 |
_aManagement and Business Studies _2blcoll |
|
| 700 | 1 | _aSwerdlik, Mark E. | |
| 700 | 1 | _aSturman, Edward. | |
| 942 | _2ddc | ||
| 999 |
_c24138 _d24110 |
||